Leere Weltkarte ohne 20 zufällige Länder - Statistiken

Allgemein
  • Dieses Quiz wurde 4.109 mal gespielt
  • Das Durchschnittsergebnis liegt bei 16 aus 20
Antworten auf der Karte
Die Antworten werden auf der Karte rot bzw. grün angezeigt, abhängig davon wie oft sie richtig erraten wurden.
 
Antwortstatistiken
Land % Korrekt
Ägypten
99%
Brasilien
99%
Deutschland
99%
Frankreich
99%
Kanada
99%
Mongolei
99%
Vereinigte Staaten
99%
China
98%
Kasachstan
98%
Russland
98%
Spanien
98%
Algerien
97%
Argentinien
97%
Australien
97%
Mexiko
97%
Österreich
96%
Schweiz
96%
Tschechien
96%
Belarus
95%
Bolivien
95%
Paraguay
95%
Polen
95%
Sudan
95%
Ukraine
95%
Indien
94%
Kolumbien
94%
Mali
94%
Panama
94%
Saudi-Arabien
94%
Dem Rep Kongo
93%
Indonesien
93%
Italien
93%
Libyen
93%
Nepal
93%
Peru
93%
Tschad
93%
Venezuela
93%
Rumänien
92%
Schweden
92%
Slowakei
92%
Türkei
92%
Nigeria
91%
Südafrika
91%
Vereinigtes Königreich
91%
Afghanistan
90%
Angola
90%
Mauretanien
90%
Niger
90%
Äthiopien
89%
Namibia
89%
Südsudan
89%
Uruguay
89%
Botswana
88%
Finnland
88%
Kenia
88%
Pakistan
88%
Ungarn
88%
Benin
87%
Côte d'Ivoire
87%
Iran
87%
Senegal
87%
Serbien
87%
Simbabwe
87%
Zentralafrikanische Republik
87%
Irak
86%
Japan
86%
Kamerun
86%
Sambia
86%
Costa Rica
85%
Ghana
85%
Guyana
85%
Jemen
85%
Kongo
85%
Tansania
85%
Togo
85%
Guatemala
84%
Bulgarien
83%
Griechenland
83%
Kirgisistan
83%
Norwegen
83%
Oman
83%
Sri Lanka
83%
Burkina Faso
82%
Ecuador
82%
Mosambik
82%
Nicaragua
82%
Usbekistan
82%
Slowenien
81%
Turkmenistan
81%
Guinea
80%
Südkorea
80%
Bosnien und Herzegowina
79%
Laos
79%
Nordkorea
79%
Belgien
78%
Chile
78%
Marokko
78%
Myanmar
78%
Nordmazedonien
78%
Papua-Neuguinea
78%
Thailand
78%
Uganda
78%
Dänemark
77%
Kroatien
77%
Neuseeland
77%
Tadschikistan
76%
Moldawien
75%
Portugal
75%
Honduras
74%
Tunesien
73%
Gabun
71%
Island
71%
Kosovo
71%
Litauen
71%
Madagaskar
71%
Kambodscha
70%
Irland
69%
Suriname
68%
Vietnam
67%
Jordanien
66%
Malawi
66%
Sierra Leone
66%
Bangladesch
65%
Lettland
64%
Philippinen
63%
Dominikanische Republik
62%
Malaysia
62%
Taiwan
61%
Liberia
59%
Aserbaidschan
58%
Haiti
58%
Kuba
58%
Syrien
58%
Äquatorial-Guinea
57%
Eritrea
57%
Somalia
57%
Estland
54%
Georgien
53%
Armenien
51%
Israel
51%
Niederlande
51%
Vereinigte Arabische Emirate
51%
Guinea-Bissau
50%
Albanien
49%
El Salvador
41%
Keine übereinstimmenden Quizze gefunden
Verteilung der Resultate
Anzahl Personen mit jedem Resultat
Perzentil nach korrekt beantworteten Fragen
Ihre Resultats-Entwicklung
Sie haben dieses Quiz noch nicht gespielt